The impact on costs and construction practice in Scotland of any further limitation of carbon dioxide emissions from new buildings (Record no. 110253)
[ view plain ]
| 000 -LEADER | |
|---|---|
| fixed length control field | 01364cad a22002415a 4500 |
| 001 - CONTROL NUMBER | |
| control field | E148833 |
| 008 - FIXED-LENGTH DATA ELEMENTS--GENERAL INFORMATION | |
| fixed length control field | 091112s2007 xxk f s000 0 eng d |
| 035 ## - SYSTEM CONTROL NUMBER | |
| System control number | (Sirsi) u148833 |
| 041 0# - LANGUAGE CODE | |
| Language code of text/sound track or separate title | eng |
| 050 04 - LIBRARY OF CONGRESS CALL NUMBER | |
| Classification number | 333.73 $2 18 |
| 110 2# - MAIN ENTRY--CORPORATE NAME | |
| Corporate name or jurisdiction name as entry element | Turner and Townsend |
| 9 (RLIN) | 5813 |
| 245 04 - TITLE STATEMENT | |
| Title | The impact on costs and construction practice in Scotland of any further limitation of carbon dioxide emissions from new buildings |
| Medium | [electronic resource] |
| 260 ## - PUBLICATION, DISTRIBUTION, ETC. | |
| Place of publication, distribution, etc. | Livingston |
| Name of publisher, distributor, etc. | Scottish Building Standards Agency |
| Date of publication, distribution, etc. | 2007 |
| 505 2# - FORMATTED CONTENTS NOTE | |
| Formatted contents note | Contents -- Abbreviations -- Executive summary -- Introduction -- Energy standards -- Methodology -- Benchmark buildings -- Improvement strategy identification -- Improvement strategy analysis -- Improvement scenarios costing -- Conclusions -- Appendices |
| 520 ## - SUMMARY, ETC. | |
| Summary, etc. | Sets out the results of a research project aimed at developing a methodology to determine the impact of a further limitation of carbon dioxide emissions on construction costs and on Scottish construction practice. |
| 521 ## - TARGET AUDIENCE NOTE | |
| Target audience note | Advanced |
| 590 ## - LOCAL NOTE (RLIN) | |
| Local note | KA |
| 651 #4 - SUBJECT ADDED ENTRY--GEOGRAPHIC NAME | |
| Geographic name | Scotland |
| Chronological subdivision | 1999- |
| 690 ## - LOCAL SUBJECT ADDED ENTRY--TOPICAL TERM (OCLC, RLIN) | |
| Topical term or geographic name as entry element | ENVIRONMENTAL AND LAND CONSULTANCY-ENERGY-ENERGY USE-ENERGY EFFICIENCY |
| 690 ## - LOCAL SUBJECT ADDED ENTRY--TOPICAL TERM (OCLC, RLIN) | |
| Topical term or geographic name as entry element | BUILT ENVIRONMENT-CONSTRUCTION MANAGEMENT |
| 856 40 - ELECTRONIC LOCATION AND ACCESS | |
| Uniform Resource Identifier | <a href="https://www.sbsa.gov.uk/pdfs/T&T_Final_Report2.pdf">https://www.sbsa.gov.uk/pdfs/T&T_Final_Report2.pdf</a> |
| Public note | View the report free of charge (pdf file) at www.sbsa.gov.uk... |
| 942 ## - ADDED ENTRY ELEMENTS (KOHA) | |
| Suppress in OPAC | 0 |
| Withdrawn status | Lost status | Source of classification or shelving scheme | Damaged status | Not for loan | Home library | Current library | Shelving location | Date acquired | Total Checkouts | Full call number | Barcode | Date last seen | Copy number | Price effective from | Koha item type |
|---|---|---|---|---|---|---|---|---|---|---|---|---|---|---|---|
| Dewey Decimal Classification | Virtual | Virtual | Online | 12/11/2009 | ONLINE PUBLICATION | 148833-2001 | 06/08/2019 | 1 | 06/08/2019 | Book |